|
|
|
|
| LEADER |
00000nab a2200000 a 4500 |
| 001 |
vtls009008579 |
| 003 |
SK-MaSNL |
| 005 |
20260303065524.0 |
| 008 |
070723c20070529xo dr n 000 00slo |
| 038 |
|
|
|a SVKPOCL
|
| 040 |
|
|
|a SVKPOCL
|b slo
|c AACR2
|e AACR2
|
| 041 |
|
|
|a slo
|
| 044 |
|
|
|a xo
|c SK
|
| 080 |
|
|
|a 930.25
|2 2001
|
| 080 |
|
|
|a 908.437.671.117.176
|2 2001
|
| 100 |
1 |
|
|a Petruš, Andrej
|4 aut
|9 672594
|
| 245 |
1 |
0 |
|a Reč starých listí
|b Anton Čarnogurský zanechal po sebe originálne dokumenty o svojej rodine
|c Andrej Petruš
|
| 300 |
|
|
|a Fotogr.
|
| 600 |
3 |
7 |
|a Čarnogurský (rod)
|2 svkpocl
|9 1065635
|
| 650 |
0 |
7 |
|a historické pramene
|2 svkpocl
|9 1975
|
| 650 |
0 |
7 |
|a archívne fondy
|2 svkpocl
|9 1974
|
| 650 |
0 |
7 |
|a listiny
|2 svkpocl
|9 25130
|
| 651 |
|
7 |
|a Prešov (Slovensko)
|2 svkpocl
|9 17347
|
| 773 |
0 |
|
|t Prešovský večerník
|g Roč. XVIII, č. 4208 (29.5.2007), s. 3
|x 1336-4030
|
| 852 |
|
|
|a SVKPO
|b KIS3GCP
|
| 856 |
4 |
1 |
|u www.vecernik.po.sk
|
| 958 |
|
|
|a RG
|
| 999 |
|
|
|c 1751540
|d 1753470
|